|
|
|
|
| LEADER |
00000nam2a2200000 4500 |
| 001 |
107179 |
| 005 |
20231031115208.0 |
| 020 |
|
|
|a RU
|b 89-43165
|
| 035 |
|
|
|a (RuTPU)RU\TPU\book\115721
|
| 035 |
|
|
|a RU\TPU\book\96458
|
| 090 |
|
|
|a 107179
|
| 100 |
|
|
|a 20061220d1988 m y0rusy5003 ca
|
| 101 |
0 |
|
|a rus
|
| 102 |
|
|
|a RU
|
| 105 |
|
|
|a y z 000ay
|
| 200 |
0 |
|
|a Кн. 1: Царица престрашного зраку
|
| 210 |
|
|
|d 1988
|
| 215 |
|
|
|a 592 с.
|
| 461 |
|
1 |
|0 (RuTPU)RU\TPU\book\115720
|t Слово и дело
|o роман-хроника времен Анны Иоановны: в 2 кн.
|f В. Пикуль
|v Кн. 1: Царица престрашного зраку
|d 1988
|
| 610 |
1 |
|
|a исторические романы
|
| 610 |
1 |
|
|a история
|
| 610 |
1 |
|
|a Россия
|
| 610 |
1 |
|
|a 18 век
|
| 675 |
|
|
|a Р2
|z rus
|
| 801 |
|
0 |
|a RU
|b RuMRKP
|c 19950417
|g psbo
|
| 801 |
|
1 |
|a RU
|b 63413507
|c 20051024
|g PSBO
|
| 801 |
|
2 |
|a RU
|b 63413507
|c 20180516
|g PSBO
|
| 942 |
|
|
|c BK
|